000 00412nam a2200157 a 4500
001 000035328
005 20200930074248.0
008 111027s1973 sp 000 0 spa d
020 _a8422605368
040 _aDO-SdBNP
_bspa
_cBNPHU
082 _axxxx
_bxxxx
100 1 _aBenchley, Peter
_961101
245 1 0 _aTiburón /
_cPeter Benchley.
260 _aBarcelona, :
_bPomaire,
_c1973.
300 _a349 p. ;
_c22 cm.
999 _c34819
_d34819